1581 1537 1420 1527 1837 1053 1297 1347 1439 1160 1493 1732 1844 1066 1607 1119 1577 1793 1415 1584 1615 1789 1628 1136 1906 1286 1055 1210 1877 1602 1281 1670 1377 1855 1782 1043 1075 1309 1968 1770 1741 1273 1074 1697 1760 1433 1019 1898 1566 1189 1191 1746 1066 1971 1500 1908 1797 1037 1664 1823 1033 1463 1359 1450 1114 1273 1874 1572 1073 1974 1282 1815 1062 1951 1587 1149 1028 1673 1974 1312 1764 1393 1605 1577 1508 1251 1431 1870 1918 1219 1594 1124 1981 1009 1922 1042 1908 1322 1402 BCNSPRNW ULIB Ver.6.0+V

เปลี่ยนเป็นภาษาไทย

Change to English
 แสดงรายละเอียดบรรณานุกรม
  กลับหน้าหลัก

Brief Record : Get Marc (ISO 2709) : E-mail record : QR code < ปิดหน้าต่าง
LEADER : 00000nam 2200000uu 4500
001    13399109708
003     ULIB
008    110410s2543||||th 000 0 tha d
022    08576459
060 04 WC1JT3^bข687ร 2543
110 2  กรมควบคุมโรคติดต่อ^bกองมาลาเรีย
245 10 รายงานประจำปี 2543/^cกองมาลาเรีย
260    กรุงเทพฯ :^bกองมาลาเรีย,^c2543
300     168 หน้า :^bภาพประกอบ, ภาพคนเหมือน, แผนที่ ;^c26 ซม.
310    รายปี
500    ข้อมูลส่วนใหญ่เป็นตาราง
591    LICL มีปี 2541, 2542, 2543
591    LIRV มีปี 2522, 2524-2545
591    LISI มีปี 2517-2518, 2520-2545
591    LIAD มีปี 2540, 2541
610 27 กองมาลาเรีย^vรายงานประจำปี
610 27 กองมาลาเรีย^xการจัดส่วนราชการ
650  7 มาลาเรีย^zไทย^xสถิติ
730 02 รายงานประจำปี (กองมาลาเรีย) 2543
945    ^p0^l0^i014542
995    ทศพร
999 ^a ใช้งานได้ทุกระบบ
รายการนี้ยังไม่มีแท็ก
คุณยังไม่ได้ล็อกอิน คุณสามารถมีกิจกรรมร่วมกับเว็บไซต์ได้ แต่ต้องล็อกอินก่อน ::
  ล็อกอิน

รายการสื่อสารสนเทศ

ลำดับที่ ประเภท เลขเรียก/บาร์โค้ด สถานที่ สถานะ
- ไม่พบข้อมูล -

BibComment


ยังไม่เคยถูกคอมเมนท์

คอมเมนท์ทรัพยากรรายการนี้
  คอมเมนท์: รายงานประจำปี 254..


 Copyright 2026. Bcnsprnw @Library